| 000 | 00816cam a22002414a 4500 | ||
|---|---|---|---|
| 001 | 13111960 | ||
| 005 | 20180109074542.0 | ||
| 008 | 030305s2003 nyua b 101 0 eng | ||
| 010 | _a 2003044719 | ||
| 020 | _a0306477424 | ||
| 040 |
_aDLC _cDLC _dDLC |
||
| 041 | _aeng | ||
| 042 | _apcc | ||
| 080 | _a621.3121320287 SAJ | ||
| 082 | 0 | 0 |
_a621.3121320287 SAJ _221 |
| 100 | _a12 | ||
| 101 | _aKIM | ||
| 245 | 0 | 0 |
_aChemistry of trace elements in fly ash / _cedited by Kenneth S. Sajwan, Ashok K. Alva, and Robert F. Keefer. |
| 504 | _aIncludes bibliographical references and index. | ||
| 906 |
_a7 _bcbc _corignew _d1 _eocip _f20 _gy-gencatlg |
||
| 942 |
_2ddc _cBK |
||
| 999 |
_c39925 _d39925 |
||